Finančné pozície agrárnych podnikov v SR v prístupovom procese do EÚ
Finančná situácia poľnohospodárskych podnikov. Vývoj vybraných finančných ukazovateľov. Príčiny stagnácie agrárneho sektora. Záväzky a pohľadávky v podnikoch poľnohospodárskej prvovýroby. Faktory diferenciácie v poľnohospodárskych družstvách. Analýza tých faktorov, ktoré ovplyvňujú tok finančných pr...
Saved in:
| Main Author: | |
|---|---|
| Format: | Book Chapter |
| Language: | Slovak |
| Subjects: | |
| Tags: |
No Tags, Be the first to tag this record!
|
MARC
| LEADER | 00000naa$a2200000$$$4500 | ||
|---|---|---|---|
| 001 | 0022014 | ||
| 005 | 20221128120821.3 | ||
| 041 | 0 | |a slo | |
| 044 | |a SK | ||
| 245 | 1 | 0 | |a Finančné pozície agrárnych podnikov v SR v prístupovom procese do EÚ |c Miroslav Grznár |
| 520 | |a Finančná situácia poľnohospodárskych podnikov. Vývoj vybraných finančných ukazovateľov. Príčiny stagnácie agrárneho sektora. Záväzky a pohľadávky v podnikoch poľnohospodárskej prvovýroby. Faktory diferenciácie v poľnohospodárskych družstvách. Analýza tých faktorov, ktoré ovplyvňujú tok finančných prostriedkov. Faktory finančných tokov v poľnohospodárskych družstvách SR. | ||
| 610 | 2 | 0 | |a družstvá poľnohospodárske |
| 610 | 2 | 0 | |a Slovensko |
| 610 | 2 | 0 | |a podnik poľnohospodársky |
| 610 | 2 | 0 | |a situácia finančná podniku |
| 610 | 2 | 0 | |a ukazovatele finančné |
| 610 | 2 | 0 | |a pohľadávky |
| 610 | 2 | 0 | |a záväzky podniku |
| 100 | 1 | |a Grznár, Miroslav | |